1637 1052 1395 1334 1395 1279 1933 1145 1283 1456 1330 1000 1557 1655 1235 1839 1791 1505 1209 1086 1274 1043 1752 1352 1591 1650 1477 1538 1754 1405 1775 1862 1135 1752 1206 1951 1204 1687 1183 1991 1846 1697 1290 1356 1426 1034 1005 1767 1262 1486 1357 1950 1432 1517 1674 1390 1147 1842 1321 1483 1959 1950 1413 1105 1235 1144 1028 1153 1730 1075 1177 1924 1553 1764 1963 1623 1764 1886 1288 1853 1583 1115 1090 1071 1938 1223 1614 1441 1912 1041 1451 1796 1236 1392 1673 1047 1241 1867 1431 BCNSPRNW ULIB Ver.6.0+V

เปลี่ยนเป็นภาษาไทย

Change to English
 แสดงรายละเอียดบรรณานุกรม
  กลับหน้าหลัก

Brief Record : Get Marc (ISO 2709) : E-mail record : QR code < ปิดหน้าต่าง
LEADER : 00000nas 2200000uu 4500
001    13399125535
003     ULIB
008    170622s2560||||th 000 0 tha d
022 0  ^a058797
110 1  ^aวารสารโรงพยาบาลพิจิตร
245 00 ^aวารสารโรงพยาบาลพิจิตร^cโรงพยาบาลพิจิตร
260    ^aพิจิตร;^bโรงพยาบาลพิจิตร,^cม.ป.ป.
310    ^aรายปักษ์
850 ^a ULIB^bปีที่ 44 ฉบับที่ 1 ฉ.1
945    ^p0^l0^i904522
999    ^aวรรณษา ชูชัยมงคล
รายการนี้ยังไม่มีแท็ก
คุณยังไม่ได้ล็อกอิน คุณสามารถมีกิจกรรมร่วมกับเว็บไซต์ได้ แต่ต้องล็อกอินก่อน ::
  ล็อกอิน

รายการสื่อสารสนเทศ (วารสาร)

ดูแบบ: กล่อง รายการ
ARRIVED
ปีที่ 44 ฉบับที่ 1 ฉ.1
สถานที่: ห้องสมุดวิทยาเขตสวรรค์ประชารักษ์ >หนังสือพิมพ์

BibComment


ยังไม่เคยถูกคอมเมนท์

คอมเมนท์ทรัพยากรรายการนี้
  คอมเมนท์: วารสารโรงพยาบาลพ..


 Copyright 2026. Bcnsprnw @Library